[Event "SRB-ch U16"]
[Site "Kragujevac"]
[Date "2016.05.08"]
[Round "9"]
[White "Bilic, Milanko"]
[Black "Radojkovic, Stefan"]
[Result "0-1"]
[WhiteElo "1910"]
[BlackElo "1928"]
[PlyCount "86"]
[EventDate "2016.05.02"]
[EventType "tourn"]
[EventRounds "9"]
[EventCountry "SRB"]
[SourceTitle "CBM 172 Extra"]
[Source "ChessBase"]
[SourceDate "2016.06.21"]
[SourceVersion "1"]
[SourceVersionDate "2016.06.21"]
[SourceQuality "1"]

1. e4 c5 2. Nf3 e6 3. d4 cxd4 4. Nxd4 Nf6 5. Nc3 d6 6. Bc4 a6 7. Bb3 Qc7 8. Be3 Nbd7 9. f4 b5 10. f5 e5 11. Nf3 Nb6 12. Bxb6 Qxb6 13. Qe2 h6 14. Nd5 Nxd5 15. Bxd5 Bb7 16. Bxb7 Qxb7 17. 0-0-0 Be7 18. g4 Rc8 19. Rd5 Qc6 20. Rhd1 Qc4 21. Qxc4 Rxc4 22. Nd2 Rc6 23. Nf3 0-0 24. f6 gxf6 25. Nh4 Rfc8 26. c3 b4 27. Nf5 Kf8 28. Kc2 bxc3 29. b3 Ke8 30. Nxd6+ Bxd6 31. Rxd6 Ke7 32. Rd7+ Ke6 33. Ra7 Rg8 34. Rdd7 Rxg4 35. Re7+ Kd6 36. b4 Rg2+ 37. Kb3 Rb2+ 38. Ka3 Rc8 39. Rxf7 Kc6 40. Rxf6+ Kb5 41. Rf3 Rxh2 42. Rb7+ Kc4 43. Rb5 Kxb5 0-1

[Event "SRB-ch U16"]
[Site "Kragujevac"]
[Date "2016.05.07"]
[Round "8"]
[White "Savic, Mihailo S"]
[Black "Bilic, Milanko"]
[Result "1-0"]
[WhiteElo "1965"]
[BlackElo "1910"]
[PlyCount "53"]
[EventDate "2016.05.02"]
[EventType "tourn"]
[EventRounds "9"]
[EventCountry "SRB"]
[SourceTitle "CBM 172 Extra"]
[Source "ChessBase"]
[SourceDate "2016.06.21"]
[SourceVersion "1"]
[SourceVersionDate "2016.06.21"]
[SourceQuality "1"]

1. e4 c5 2. Nf3 d6 3. c3 Nf6 4. Be2 Nbd7 5. d3 g6 6. 0-0 Bg7 7. Re1 0-0 8. a4 b6 9. Nbd2 Bb7 10. Bf1 Qc7 11. Qb3 e6 12. h3 Rfe8 13. g3 d5 14. e5 Nh5 15. d4 f6 16. exf6 Nhxf6 17. Bg2 Re7 18. Nf1 Ne4 19. Bf4 Qc6 20. N1d2 Nxd2 21. Bxd2 h6 22. h4 Kh7 23. Bf4 Ba6 24. Re3 Rae8 25. Rae1 cxd4 26. cxd4 Bc4 27. Qc2 1-0

[Event "SRB-ch U16"]
[Site "Kragujevac"]
[Date "2016.05.05"]
[Round "5"]
[White "Bilic, Milanko"]
[Black "Krstic, Milos D"]
[Result "0-1"]
[WhiteElo "1910"]
[BlackElo "1981"]
[PlyCount "46"]
[EventDate "2016.05.02"]
[EventType "tourn"]
[EventRounds "9"]
[EventCountry "SRB"]
[SourceTitle "CBM 172 Extra"]
[Source "ChessBase"]
[SourceDate "2016.06.21"]
[SourceVersion "1"]
[SourceVersionDate "2016.06.21"]
[SourceQuality "1"]

1. e4 c5 2. Nf3 Nc6 3. d4 cxd4 4. Nxd4 e5 5. Nb3 Nf6 6. Bc4 Be7 7. Nc3 0-0 8. Bg5 Nxe4 9. Bxe7 Nxc3 10. Bxd8 Nxd1 11. Rxd1 Rxd8 12. Nc5 Kf8 13. Ne4 Ke7 14. Nd6 f6 15. c3 Rb8 16. b4 b6 17. Nf5+ Kf8 18. Rd6 Ne7 19. Ne3 Bb7 20. 0-0 Rbc8 21. b5 Nf5 22. Nxf5 Rxc4 23. Rd3 Be4 0-1

[Event "SRB-ch U16"]
[Site "Kragujevac"]
[Date "2016.05.02"]
[Round "1"]
[White "Bilic, Milanko"]
[Black "Kupusovic, Mitar"]
[Result "1-0"]
[WhiteElo "1910"]
[BlackElo "1601"]
[PlyCount "59"]
[EventDate "2016.05.02"]
[EventType "tourn"]
[EventRounds "9"]
[EventCountry "SRB"]
[SourceTitle "CBM 172 Extra"]
[Source "ChessBase"]
[SourceDate "2016.06.21"]
[SourceVersion "1"]
[SourceVersionDate "2016.06.21"]
[SourceQuality "1"]

1. e4 e5 2. d4 exd4 3. Qxd4 Nc6 4. Qe3 d6 5. Bd2 Nf6 6. Nc3 g6 7. 0-0-0 Bg7 8. f3 0-0 9. Nge2 a6 10. h4 h5 11. Nf4 Ne5 12. Be2 c6 13. Na4 b5 14. Nb6 Rb8 15. Nxc8 Qxc8 16. Bc3 Qc7 17. Qd2 Bh6 18. g3 Ne8 19. Kb1 Ra8 20. Nd5 Bxd2 21. Nxc7 Nxc7 22. Rxd2 Rfd8 23. Ba5 Rd7 24. f4 Ng4 25. Bxg4 hxg4 26. Bxc7 Rxc7 27. Rxd6 Rac8 28. h5 Kg7 29. hxg6 f6 30. f5 1-0

[Event "Senta-ch"]
[Site "Senta"]
[Date "2016.01.24"]
[Round "3"]
[White "Nagy, Attila"]
[Black "Bilic, Milanko"]
[Result "1-0"]
[WhiteElo "2237"]
[BlackElo "1953"]
[PlyCount "143"]
[EventDate "2016.01.22"]
[EventType "swiss"]
[EventRounds "9"]
[EventCountry "SRB"]
[SourceTitle "CBM 170 Extra"]
[Source "ChessBase"]
[SourceDate "2016.02.25"]
[SourceVersion "1"]
[SourceVersionDate "2016.02.25"]
[SourceQuality "1"]

1. Nf3 Nf6 2. d4 e6 3. c4 Bb4+ 4. Bd2 Qe7 5. Nc3 0-0 6. g3 d6 7. Qb3 Bxc3 8. Bxc3 Ne4 9. Bg2 Nd7 10. 0-0 c6 11. Rfd1 Nxc3 12. Qxc3 e5 13. e4 Re8 14. b4 Nf6 15. Re1 Qc7 16. dxe5 dxe5 17. c5 Bg4 18. Nd2 Be6 19. Bf1 Rad8 20. Nf3 Bg4 21. Nd2 Be6 22. Re3 Rd7 23. h3 Red8 24. Nf3 Rd1 25. Kh2 Rxa1 26. Qxa1 Re8 27. a3 Re7 28. Qxe5 Qxe5 29. Nxe5 Bxh3 30. Nxc6 bxc6 31. Bxh3 Kf8 32. f3 Ke8 33. Rd3 Rc7 34. Kg2 h5 35. Kf2 g5 36. Bf5 Ng8 37. f4 gxf4 38. gxf4 Nf6 39. Kf3 Ke7 40. Rd6 Ne8 41. e5 Ng7 42. Be4 Ne6 43. Ke3 h4 44. f5 Ng5 45. Rh6 h3 46. Kf4 Nxe4 47. Kxe4 a5 48. Rxh3 axb4 49. axb4 Rb7 50. Rb3 Rb8 51. Kd4 Kd7 52. Kc4 Re8 53. Re3 Rh8 54. e6+ fxe6 55. Rxe6 Rh4+ 56. Kb3 Rh3+ 57. Ka4 Rf3 58. Rd6+ Kc7 59. f6 Rf1 60. Re6 Ra1+ 61. Kb3 Rb1+ 62. Kc3 Rc1+ 63. Kd3 Rf1 64. Ke4 Kd7 65. Re7+ Kd8 66. Ke5 Re1+ 67. Kd6 Rf1 68. Re6 Rd1+ 69. Kxc6 Rf1 70. b5 Rf3 71. b6 Rb3 72. f7 1-0